000
00329 a2200157 4500
001
180217
020
_a
040
_c
Magnum
100
_a
Machado, Ana Maria
240
1
0
_a
Quem perde ganha
_l
por
245
1
0
_a
Quem perde ganha
362
0
_a
1899
440
1
_a
Nova Fronteira
697
_a
MAGNITO: IJ/CONTOS
942
_c
BK
999
_c
180217
_d
180217